I saw a new Africa/ (Record no. 60354)

MARC details
000 -LEADER
fixed length control field 00541nam a2200181 4500
005 - DATE AND TIME OF LATEST TRANSACTION
control field 20260414140117.0
008 - FIXED-LENGTH DATA ELEMENTS--GENERAL INFORMATION
fixed length control field 260414b |||||||| |||| 00| 0 eng d
050 ## - LIBRARY OF CONGRESS CALL NUMBER
Classification number DT30
Item number .J58 2019
100 ## - MAIN ENTRY--PERSONAL NAME
Personal name Jjumba, Laban M.
245 ## - TITLE STATEMENT
Title I saw a new Africa/
260 ## - PUBLICATION, DISTRIBUTION, ETC. (IMPRINT)
Place of publication, distribution, etc Kampala, Uganda:
Name of publisher, distributor, etc Beeranga Mwesigwa foundation,
Date of publication, distribution, etc 2019.
300 ## - PHYSICAL DESCRIPTION
Extent 182 p.:
Dimensions 23 cm.
650 ## - SUBJECT ADDED ENTRY--TOPICAL TERM
Topical term or geographic name as entry element Africa
Form subdivision Social conditions
Chronological subdivision 21st century.
650 ## - SUBJECT ADDED ENTRY--TOPICAL TERM
Topical term or geographic name as entry element Unemployment
General subdivision Africa.
650 ## - SUBJECT ADDED ENTRY--TOPICAL TERM
Topical term or geographic name as entry element Emigration and immigration
650 ## - SUBJECT ADDED ENTRY--TOPICAL TERM
Topical term or geographic name as entry element Xenophobia
General subdivision Africa.
942 ## - ADDED ENTRY ELEMENTS (KOHA)
Source of classification or shelving scheme Library of Congress Classification
Item type Book
Holdings
Withdrawn status Lost status Source of classification or shelving scheme Damaged status Not for loan Collection code Home library Current library Shelving location Date acquired Source of acquisition Cost, normal purchase price Total Checkouts Full call number Barcode Date last seen Copy number Price effective from Koha item type
    Library of Congress Classification     Non-fiction Bishop Okullu Memorial Library (Limuru Campus) Bishop Okullu Memorial Library (Limuru Campus) Processing Center 14/04/2026 Donation- Pittsburgh 2132.00   DT30 .J58 2019 073323 14/04/2026 1 14/04/2026 Book